Periodic Table - Guess the Elements by Minecraft Blocks - Statistics

General Stats
  • This quiz has been taken 6 times
  • The average score is 59 of 119
Answer Stats
Picture Answer % Correct
Aluminium
100%
Carbon
100%
Copper
100%
Germanium
100%
Helium
100%
Hydrogen
100%
Iron
100%
Lithium
100%
Magnesium
100%
Nitrogen
100%
Oxygen
100%
Silicon
100%
Argon
80%
Calcium
80%
Chlorine
80%
Cobalt
80%
Einsteinium
80%
Flourine
80%
Gallium
80%
Gold
80%
Neon
80%
Nickel
80%
Potassium
80%
Selenium
80%
Sodium
80%
Titanium
80%
Tungsten
80%
Yttrium
80%
Zinc
80%
Arsenic
60%
Beryllium
60%
Boron
60%
Bromine
60%
Chromium
60%
Francium
60%
Krypton
60%
Manganese
60%
Moscovium
60%
Phosphorus
60%
Radium
60%
Rubidium
60%
Scandium
60%
Silver
60%
Strontium
60%
Sulfur
60%
Tin
60%
Uranium
60%
Vanadium
60%
Zirconium
60%
Americium
40%
Antimony
40%
Barium
40%
Bismuth
40%
Bohrium
40%
Cadmium
40%
Cesium
40%
Copernicium
40%
Darmstadtium
40%
Dubnium
40%
Europium
40%
Flerovium
40%
Hafnium
40%
Hassium
40%
Indium
40%
Lead
40%
Meitnerium
40%
Mercury
40%
Molybdenum
40%
Neptunium
40%
Nihonium
40%
Niobium
40%
Oganesson
40%
Osmium
40%
Palladium
40%
Platinum
40%
Plutonium
40%
Polonium
40%
Rhenium
40%
Roentgenium
40%
Ruthenium
40%
Rutherfordium
40%
Seaborgium
40%
Tantalum
40%
Technetium
40%
Thallium
40%
Xenon
40%
Ytterbium
40%
Actinium
20%
Astatine
20%
Berkelium
20%
Californium
20%
Cerium
20%
Curium
20%
Dysprosium
20%
Erbium
20%
Fermium
20%
Gadolinium
20%
Holmium
20%
Iodine
20%
Iridium
20%
Lanthanum
20%
Lawrencium
20%
Livermorium
20%
Lutetium
20%
Mendelevium
20%
Neodymium
20%
Nobelium
20%
Praseodymium
20%
Promethium
20%
Protactinium
20%
Radon
20%
Rhodium
20%
Samarium
20%
Tellurium
20%
Tennessine
20%
Terbium
20%
Thorium
20%
Thulium
20%
Unknown Element
20%
No matching quizzes found
Score Distribution
Percent of People with Each Score
Percentile by Number Answered
Your Score History
You have not taken this quiz